Séries netflix par image - Statistiques

Statistiques générales
  • Ce quiz a été pris 1 194 fois
  • Le résultat moyen est 5 sur 16
Statistiques - réponses
Par images Réponse % Correct
The Witcher
74%
La Chronique de Bridgerton
64%
Umbrella Academy
57%
La Reine Charlotte
55%
Cobra Kai
47%
The Rain
31%
Sweet Tooth
29%
Dark
22%
Locke and Key
19%
IZombie
18%
Les Nouvelles Aventures de Sabrina
17%
Snowpiercer
12%
The Order
9%
Shadow and Bone : La Saga Grisha
8%
Ragnarök
7%
Lockwood and Co.
6%
Aucun quiz correspondant
Distribution des résultats
% des personnes avec chaque résultat
Percentile par nombre de réponses
Votre historique - résultats
Vous n’avez pas pris ce quiz